[Event "Corr"]
[Site "?"]
[Date "2000.12.07"]
[Round "?"]
[White "Hill John"]
[Black "Gee Gordon L"]
[Result "1-0"]
[WhiteElo "1510"]
[BlackElo "1248"]
[PlyCount "109"]
[EventDate "2000.??.??"]
[Source "www.chesslib.no"]
[SourceDate "2004.05.04"]

1. d4 d5 2. c4 dxc4 3. Nf3 b5 4. a4 b4 5. e3 Ba6 6. Nbd2 c3 7. bxc3 bxc3 8. Ne4 Bxf1 9. Rxf1 Nc6 10. Nxc3 e6 11. Qb3 Rb8 12. Qa2 Nf6 13. Ba3 Bxa3 14. Qxa3 Nb4 15. Kd1 c5 16. Rb1 a5 17. Ke2 cxd4 18. exd4 Qc7 19. Qb3 O-O 20. Nb5 Qf4 21. Rfc1 Rbc8 22. Qe3 Qg4 23. Kf1 Nfd5 24. Qg5 Qxg5 25. Nxg5 Rxc1+ 26. Rxc1 Nb6 27. Ne4 Nxa4 28. Ra1 Rb8 29. Ned6 Nb6 30. Rxa5 N6d5 31. Ra7 Nc6 32. Ra6 Ndb4 33. Ra1 Kf8 34. Rc1 Ke7 35. Rc4 Kd7 36. Rc5 f6 37. g3 Nd5 38. Kg2 Na5 39. Rc2 g5 40. Kf3 Rb6 41. Ra2 Nb3 42. Ra7+ Kc6 43. Rxh7 Nd2+ 44. Ke2 Nb3 45. h4 gxh4 46. gxh4 Nf4+ 47. Kf3 Nd5 48. h5 Rb8 49. Ra7 e5 50. dxe5 fxe5 51. h6 Nd4+ 52. Nxd4+ exd4 53. Ne4 Rf8+ 54. Kg3 Rh8 55. h7 1-0

[Event "Corr"]
[Site "?"]
[Date "2002.07.11"]
[Round "?"]
[White "Hort Wolfgang"]
[Black "Mori Roberto"]
[Result "1-0"]
[WhiteElo "1381"]
[BlackElo "1290"]
[PlyCount "79"]
[EventDate "2002.??.??"]
[Source "www.chesslib.no"]
[SourceDate "2004.05.04"]

1. d4 d5 2. c4 dxc4 3. Nf3 b5 4. a4 c6 5. e3 Nf6 6. axb5 cxb5 7. b3 Be6 8. bxc4 Bxc4 9. Bxc4 bxc4 10. Qa4+ Nbd7 11. Bd2 e6 12. Ba5 Qc8 13. O-O Be7 14. Nbd2 O-O 15. Nxc4 Qa6 16. Nce5 Nxe5 17. dxe5 Nd5 18. Rfd1 Rfb8 19. Qg4 Rb5 20. Bd2 Qc8 21. Nd4 Rc5 22. e4 Nc3 23. Rdc1 Rc4 24. Qf3 Na2 25. Re1 Qd7 26. Nf5 Rc2 27. Nxe7+ Qxe7 28. Red1 Rac8 29. Qb3 Nc3 30. Bxc3 R2xc3 31. Rxa7 Qc5 32. Qb7 Rf8 33. Ra8 g6 34. Rxf8+ Kxf8 35. Qd7 Rc2 36. Qd8+ Kg7 37. Qf6+ Kh6 38. g4 Qc3 39. Qf4+ Kg7 40. g5 1-0

[Event "Corr"]
[Site "?"]
[Date "2001.11.05"]
[Round "?"]
[White "Sloan John"]
[Black "Signorin Luca"]
[Result "0-1"]
[WhiteElo "1272"]
[BlackElo "1381"]
[PlyCount "56"]
[EventDate "2001.??.??"]
[Source "www.chesslib.no"]
[SourceDate "2004.05.04"]

1. d4 d5 2. c4 dxc4 3. Nf3 b5 4. e3 c6 5. b3 cxb3 6. Qxb3 e6 7. Be2 Nf6 8. O-O Nbd7 9. Ba3 a5 10. Bxf8 Nxf8 11. Ne5 Bd7 12. Rc1 Qb6 13. Nd2 Rc8 14. Nxd7 N8xd7 15. Bxb5 O-O 16. Ba4 c5 17. Qxb6 Nxb6 18. Bb5 cxd4 19. exd4 Rxc1+ 20. Rxc1 a4 21. Nf3 h5 22. h3 Nfd5 23. a3 Rb8 24. g3 f6 25. Rc5 Kf7 26. Bc4 Nxc4 27. Rxc4 Rb3 28. Rxa4 Rxf3 0-1

[Event "Corr"]
[Site "?"]
[Date "2002.09.20"]
[Round "?"]
[White "Van Gimst Herman"]
[Black "Bladyko Pawel"]
[Result "0-1"]
[WhiteElo "1236"]
[BlackElo "1379"]
[PlyCount "46"]
[EventDate "2002.??.??"]
[Source "www.chesslib.no"]
[SourceDate "2004.05.04"]

1. d4 d5 2. c4 dxc4 3. Nf3 b5 4. e4 Nf6 5. e5 Nd5 6. Be2 c6 7. O-O Bf5 8. Bg5 g6 9. Nbd2 Bg7 10. a4 c3 11. bxc3 Nxc3 12. Qe1 h6 13. Nb3 Nxe2+ 14. Qxe2 hxg5 15. Nxg5 Qd5 16. Qb2 b4 17. Nc5 a5 18. Nf3 Nd7 19. Nb3 Bg4 20. Nfd2 Nxe5 21. dxe5 Bxe5 22. Qc1 Bxh2+ 23. Kh1 Bd6+ 0-1

[Event "Corr"]
[Site "?"]
[Date "2002.07.08"]
[Round "?"]
[White "Casser Aaron"]
[Black "Mori Roberto"]
[Result "1-0"]
[WhiteElo "1315"]
[BlackElo "1290"]
[PlyCount "93"]
[EventDate "2002.??.??"]
[Source "www.chesslib.no"]
[SourceDate "2004.05.04"]

1. d4 d5 2. c4 dxc4 3. Nf3 b5 4. a4 c6 5. e3 Nf6 6. axb5 cxb5 7. b3 Be6 8. bxc4 Bxc4 9. Bxc4 bxc4 10. Qa4+ Qd7 11. Qxc4 Nc6 12. O-O e6 13. Bb2 Bd6 14. Rc1 Rc8 15. Ra6 Ne7 16. Qa2 Rxc1+ 17. Bxc1 Bb8 18. Ba3 O-O 19. Nbd2 Rd8 20. Nb3 Rc8 21. Nc5 Qb5 22. Qa1 Ned5 23. Qf1 Nc3 24. Qxb5 Nxb5 25. Bb2 Bc7 26. Nd2 Bb6 27. Ndb3 Nd5 28. Kf1 Nb4 29. Ra4 Nd5 30. e4 Ndc3 31. Bxc3 Nxc3 32. Rb4 a5 33. Rxb6 h6 34. Nxa5 Ra8 35. Ra6 Rxa6 36. Nxa6 Nxe4 37. Ke2 Nc3+ 38. Kf3 Nb5 39. Nb3 Kf8 40. Nb4 Ke7 41. Ke3 f5 42. d5 e5 43. f4 e4 44. Nd4 Nd6 45. Nbc6+ Kf6 46. Ne5 g5 47. g4 1-0

[Event "Corr"]
[Site "?"]
[Date "2000.12.28"]
[Round "?"]
[White "Herker Christian"]
[Black "Mori Roberto"]
[Result "0-1"]
[WhiteElo "1304"]
[BlackElo "1293"]
[PlyCount "116"]
[EventDate "2000.??.??"]
[Source "www.chesslib.no"]
[SourceDate "2004.05.04"]

1. d4 d5 2. c4 dxc4 3. Nf3 b5 4. e3 a6 5. a4 Bf5 6. axb5 Bxb1 7. Rxb1 axb5 8. b3 e5 9. bxc4 exd4 10. Qxd4 Qxd4 11. Nxd4 b4 12. Nb5 Kd8 13. Bb2 Nd7 14. Be2 Ra2 15. Bf3 Ngf6 16. O-O Kc8 17. Ra1 Rxb2 18. Ra8+ Nb8 19. Na7+ Kd7 20. Rxb8 Rg8 21. Rd1+ Ke6 22. Bd5+ Nxd5 23. cxd5+ Kf6 24. g4 g5 25. Rc1 Rd2 26. e4 Kg7 27. Rxc7 Bd6 28. Rxg8+ Kxg8 29. Rb7 Bc5 30. Nc6 Rxf2 31. Kh1 Rf1+ 32. Kg2 Rf2+ 33. Kg3 Rd2 34. Rb5 Rd3+ 35. Kg2 Rd2+ 36. Kf1 Rc2 37. Nxb4 Rf2+ 38. Ke1 Rf4 39. Rxc5 Rxe4+ 40. Kd2 Rxb4 41. Rc8+ Kg7 42. Kd3 Rb6 43. Kd4 Rb7 44. Kc5 Rb2 45. Kd6 Rxh2 46. Rc4 h5 47. Kc7 hxg4 48. d6 f5 49. Rd4 Rc2+ 50. Kb7 Rb2+ 51. Kc6 Rb8 52. Kd5 f4 53. d7 f3 54. Ke4 f2 55. Rd1 Rf8 56. Rf1 g3 57. d8=Q Rxd8 58. Kf3 Rd3+ 0-1

[Event "Corr"]
[Site "?"]
[Date "2000.03.02"]
[Round "?"]
[White "Gomez Carlos"]
[Black "Metcalfe Keith"]
[Result "1/2-1/2"]
[WhiteElo "1229"]
[BlackElo "1351"]
[PlyCount "56"]
[EventDate "2000.??.??"]
[Source "www.chesslib.no"]
[SourceDate "2004.05.04"]

1. d4 d5 2. c4 dxc4 3. Nf3 b5 4. a4 c6 5. e3 e6 6. axb5 cxb5 7. b3 Bb7 8. bxc4 bxc4 9. Bxc4 Nf6 10. O-O Nbd7 11. Nbd2 Bd6 12. Qe2 O-O 13. Ba3 Bxa3 14. Rxa3 Qc7 15. Rc1 Rfc8 16. Rca1 Qb8 17. Ba6 Bxa6 18. Rxa6 Qc7 19. Qb5 Nb8 20. R6a2 Nd5 21. Ne4 a5 22. h3 Nc6 23. Qc5 Qd8 24. Nd6 Rc7 25. Nb5 Rcc8 26. Nd6 Rc7 27. Nb5 Rcc8 28. Nd6 Rc7 1/2-1/2

[Event "Corr"]
[Site "?"]
[Date "2002.07.11"]
[Round "?"]
[White "Edwardson Zachariah"]
[Black "Mori Roberto"]
[Result "1-0"]
[WhiteElo "1251"]
[BlackElo "1290"]
[PlyCount "57"]
[EventDate "2002.??.??"]
[Source "www.chesslib.no"]
[SourceDate "2004.05.04"]

1. d4 d5 2. c4 dxc4 3. Nf3 b5 4. a4 c6 5. axb5 cxb5 6. Nc3 Bd7 7. Ne5 a5 8. e3 Nf6 9. Qf3 Ra6 10. Nxd7 Qxd7 11. Qg3 Ra8 12. Qg5 b4 13. Na4 Qc6 14. Qc5 Qxc5 15. dxc5 e6 16. Bxc4 Nbd7 17. c6 Ne5 18. Nb6 Ra7 19. Bb5 Kd8 20. Bd2 Kc7 21. Na4 Bd6 22. f4 Ng6 23. O-O Rb8 24. Bd3 Rd8 25. e4 Raa8 26. Rac1 Rab8 27. e5 Bxe5 28. fxe5 Rxd3 29. Nc5 1-0

[Event "Corr"]
[Site "?"]
[Date "2002.07.11"]
[Round "?"]
[White "Poblete Litos"]
[Black "Mori Roberto"]
[Result "0-1"]
[WhiteElo "1247"]
[BlackElo "1290"]
[PlyCount "64"]
[EventDate "2002.??.??"]
[Source "www.chesslib.no"]
[SourceDate "2004.05.04"]

1. d4 d5 2. c4 dxc4 3. Nf3 b5 4. a4 c6 5. e3 Nf6 6. b3 cxb3 7. Qxb3 Be6 8. Qb2 bxa4 9. Qb7 Nbd7 10. Nbd2 c5 11. Rxa4 Bd5 12. Qa6 cxd4 13. exd4 Qc7 14. Ra1 e6 15. Be2 Bb4 16. O-O O-O 17. Ba3 Nb8 18. Qa4 Bxa3 19. Rxa3 Rc8 20. Rfa1 a5 21. Bd3 h6 22. Ne5 Nbd7 23. Qb5 Nxe5 24. dxe5 Ng4 25. h3 Nxe5 26. Bf1 Rcb8 27. Qe2 Rb2 28. Qe3 Qc2 29. Qxe5 Qxd2 30. Qg3 Rc2 31. Rd3 Qg5 32. Qd6 Qf6 0-1

[Event "Corr"]
[Site "?"]
[Date "2003.05.28"]
[Round "?"]
[White "Cryer Nicholas"]
[Black "Costantini Mike"]
[Result "0-1"]
[WhiteElo "1200"]
[BlackElo "1329"]
[PlyCount "48"]
[EventDate "2003.??.??"]
[Source "www.chesslib.no"]
[SourceDate "2004.05.04"]

1. d4 d5 2. c4 dxc4 3. Nf3 b5 4. a4 c6 5. e3 a5 6. b3 cxb3 7. Qxb3 b4 8. Bc4 e6 9. e4 Nf6 10. Bg5 h6 11. Bh4 g5 12. Bg3 g4 13. d5 exd5 14. exd5 gxf3 15. Qxf3 Qe7+ 16. Qe2 Qxe2+ 17. Bxe2 cxd5 18. Bf3 Bf5 19. O-O Nbd7 20. Nd2 Be7 21. Rfe1 Nc5 22. Bd6 Nce4 23. Bf4 Nxd2 24. Bxd2 Ne4 0-1

[Event "Corr"]
[Site "?"]
[Date "2001.08.31"]
[Round "?"]
[White "Casser Aaron"]
[Black "Mori Roberto"]
[Result "1-0"]
[WhiteElo "1214"]
[BlackElo "1282"]
[PlyCount "87"]
[EventDate "2001.??.??"]
[Source "www.chesslib.no"]
[SourceDate "2004.05.04"]

1. d4 d5 2. c4 dxc4 3. Nf3 b5 4. a4 c6 5. e3 e6 6. b3 cxb3 7. axb5 Qd5 8. Nc3 Bb4 9. Qd2 Qd8 10. Qb2 Bd7 11. Qxb3 Bxc3+ 12. Qxc3 cxb5 13. d5 Nf6 14. dxe6 fxe6 15. Nd4 O-O 16. Qb3 Qb6 17. Ba3 Rf7 18. Nxb5 a6 19. Nd4 Qa5+ 20. Qb4 Qxb4+ 21. Bxb4 Nc6 22. Nxc6 Bxc6 23. f3 Rb7 24. Ba3 Bb5 25. Kf2 Rc7 26. Ra2 Nd5 27. e4 Nc3 28. Ra1 Rac8 29. Bd6 Rc6 30. Bf4 Na4 31. Kg3 Rc2 32. Bxb5 axb5 33. Rhc1 e5 34. Bd2 Nb2 35. Rxc2 Rxc2 36. Ra8+ Kf7 37. Ba5 Nd3 38. Rb8 Nf4 39. Kg4 Rxg2+ 40. Kf5 Nd3 41. Rb7+ Ke8 42. Rxb5 Rxh2 43. Bc3 Kd7 44. Rd5+ 1-0

[Event "Corr"]
[Site "?"]
[Date "2001.01.31"]
[Round "?"]
[White "Poblete Litos"]
[Black "Mori Roberto"]
[Result "0-1"]
[WhiteElo "1187"]
[BlackElo "1281"]
[PlyCount "134"]
[EventDate "2001.??.??"]
[Source "www.chesslib.no"]
[SourceDate "2004.05.04"]

1. d4 d5 2. c4 dxc4 3. Nf3 b5 4. a4 c6 5. e3 Nf6 6. axb5 cxb5 7. b3 Be6 8. bxc4 Bxc4 9. Bxc4 bxc4 10. Qa4+ Nbd7 11. O-O e6 12. Qxc4 Be7 13. Ba3 O-O 14. Nbd2 Bxa3 15. Rxa3 Nb6 16. Qb5 Qe7 17. Rfa1 Rfc8 18. Ne5 Nfd5 19. Ne4 Qxa3 20. Rxa3 Rc1+ 21. Qf1 Rxf1+ 22. Kxf1 a5 23. Nc5 a4 24. Ke1 Nc7 25. Kd1 Nb5 26. Ra1 f6 27. Ned3 Kf7 28. Nb4 Nd5 29. Nxd5 exd5 30. Kc2 a3 31. Ra2 Ke7 32. Kd3 f5 33. Nb3 g5 34. Nc1 Ke6 35. Nb3 f4 36. Nc5+ Kf5 37. Kc2 Nd6 38. Kd3 fxe3 39. fxe3 h5 40. Rf2+ Kg4 41. Ra2 Nb5 42. Nd7 Ra6 43. Ne5+ Kf5 44. Rf2+ Ke6 45. Ra2 Ra4 46. Nf3 g4 47. Ne5 Kf5 48. Rf2+ Kg5 49. Nf7+ Kg6 50. Ne5+ Kg7 51. Ra2 Ra6 52. Kc2 Ra7 53. Nd3 Rc7+ 54. Kd2 Nc3 55. Ra1 Ne4+ 56. Ke1 Rc3 57. Nf4 Rxe3+ 58. Kf1 Nf6 59. Kf2 Rb3 60. Ne6+ Kh6 61. Nf4 Kg5 62. Ne6+ Kf5 63. Nc5 Rb2+ 64. Kg3 a2 65. h3 Ne4+ 66. Nxe4 Kxe4 67. hxg4 hxg4 0-1

[Event "Corr"]
[Site "?"]
[Date "2002.08.27"]
[Round "?"]
[White "Van Gimst Herman"]
[Black "Krunski Jan Maria"]
[Result "0-1"]
[WhiteElo "1223"]
[BlackElo "1243"]
[PlyCount "38"]
[EventDate "2002.??.??"]
[Source "www.chesslib.no"]
[SourceDate "2004.05.04"]

1. d4 d5 2. c4 dxc4 3. Nf3 b5 4. e4 Bg4 5. Be2 Nf6 6. Qc2 Bxf3 7. Bxf3 Nc6 8. d5 Nb4 9. Qc3 Nd3+ 10. Ke2 e6 11. dxe6 fxe6 12. Rd1 Bd6 13. g3 Be5 14. Qc2 O-O 15. a3 Ng4 16. Be3 Nxh2 17. Bh1 Ng4 18. f3 Nxe3 19. Kxe3 Qd4+ 0-1

[Event "Corr"]
[Site "?"]
[Date "2001.01.06"]
[Round "?"]
[White "Casser Aaron"]
[Black "Nett Philipp"]
[Result "1-0"]
[WhiteElo "1138"]
[BlackElo "1240"]
[PlyCount "84"]
[EventDate "2001.??.??"]
[Source "www.chesslib.no"]
[SourceDate "2004.05.04"]

1. d4 d5 2. c4 dxc4 3. Nf3 b5 4. a4 c6 5. e3 Nf6 6. axb5 cxb5 7. Nc3 Bd7 8. Ne5 a5 9. b3 Nc6 10. Nxd7 Qxd7 11. bxc4 bxc4 12. Bxc4 e6 13. O-O Bb4 14. Bb2 O-O 15. Qd3 Ne5 16. dxe5 Qxd3 17. Bxd3 Bxc3 18. Bxc3 Nd7 19. Bxa5 Nxe5 20. Bb4 Nxd3 21. Bxf8 Rxa1 22. Rxa1 Kxf8 23. Ra7 g5 24. Kf1 Kg7 25. Ke2 Nb4 26. Rb7 Nd5 27. Kd3 h5 28. g3 g4 29. Kd4 Nf6 30. Ke5 Kg6 31. e4 Nh7 32. Rb8 Ng5 33. Rg8+ Kh6 34. Kf6 Nxe4+ 35. Kxf7 Kh7 36. Ra8 Nxf2 37. Kxe6 Kg7 38. Kf5 Nh3 39. Rb8 Ng1 40. Kg5 Nf3+ 41. Kxh5 Nxh2 42. Rb2 Nf3 1-0

[Event "Corr"]
[Site "?"]
[Date "2000.10.11"]
[Round "?"]
[White "Boni Roberto"]
[Black "Mori Roberto"]
[Result "1/2-1/2"]
[WhiteElo "1069"]
[BlackElo "1301"]
[PlyCount "98"]
[EventDate "2000.??.??"]
[Source "www.chesslib.no"]
[SourceDate "2004.05.04"]

1. d4 d5 2. c4 dxc4 3. Nf3 b5 4. e3 Nf6 5. a4 c6 6. axb5 cxb5 7. b3 Be6 8. bxc4 Bxc4 9. Bxc4 bxc4 10. Ba3 Nbd7 11. Qa4 g6 12. Ne5 Nd5 13. Nxc4 N5b6 14. Qb5 a6 15. Qb3 Nxc4 16. Qxc4 Bg7 17. Nd2 O-O 18. Rb1 Re8 19. O-O e5 20. dxe5 Nxe5 21. Qa2 Qd3 22. Nb3 Rad8 23. Bb2 Qd6 24. Nd4 Nd3 25. Ba1 Nb4 26. Qa4 Nd3 27. Qc4 Ne5 28. Qa2 Ng4 29. Nf3 Nf6 30. Bd4 Qe6 31. Qe2 Nd5 32. Bxg7 Kxg7 33. Nd4 Qf6 34. Qc4 Rd7 35. Rfc1 Red8 36. Qa4 Ne7 37. h3 h6 38. Rb2 Nf5 39. Nxf5+ Qxf5 40. Rf1 Rd6 41. Rb4 Qd7 42. Qxd7 R8xd7 43. Ra1 Rd1+ 44. Rxd1 Rxd1+ 45. Kh2 Rd6 46. Kg3 f5 47. Kf4 Rd2 48. Rb7+ Kf6 49. Rb6+ Kg7 1/2-1/2

[Event "Corr"]
[Site "?"]
[Date "2001.06.13"]
[Round "?"]
[White "Colard Eric"]
[Black "Delire Michael"]
[Result "1-0"]
[WhiteElo "1273"]
[BlackElo "1059"]
[PlyCount "57"]
[EventDate "2001.??.??"]
[Source "www.chesslib.no"]
[SourceDate "2004.05.04"]

1. d4 d5 2. c4 dxc4 3. Nf3 b5 4. a4 c6 5. e3 Nf6 6. axb5 Bg4 7. bxc6 Nxc6 8. Bxc4 e6 9. O-O Bb4 10. Bd2 Ne4 11. Bxb4 Nxb4 12. Qa4+ Ke7 13. Qxb4+ Nd6 14. Ne5 Rb8 15. Qxb8 Qxb8 16. Nc6+ Kd7 17. Nxb8+ Rxb8 18. Rxa7+ Kd8 19. Bd3 h5 20. f3 Bf5 21. e4 Bg6 22. Rf2 Rb4 23. Rd2 h4 24. Kf2 Ke8 25. Ke3 Kf8 26. Rc2 f6 27. e5 Nf5+ 28. Bxf5 Bxf5 29. Rc8# 1-0

[Event "Corr"]
[Site "?"]
[Date "2002.08.03"]
[Round "?"]
[White "Melo Olavo"]
[Black "Robinson Keith"]
[Result "0-1"]
[WhiteElo "1246"]
[BlackElo "1072"]
[PlyCount "62"]
[EventDate "2002.??.??"]
[Source "www.chesslib.no"]
[SourceDate "2004.05.04"]

1. d4 d5 2. c4 dxc4 3. Nf3 b5 4. a4 c6 5. e3 e6 6. axb5 cxb5 7. b3 Bb4+ 8. Bd2 Bxd2+ 9. Nbxd2 a5 10. bxc4 b4 11. c5 Ne7 12. Bb5+ Bd7 13. Qa4 O-O 14. Ne5 Bxb5 15. Qxb5 f6 16. Nec4 Nbc6 17. Nd6 Rb8 18. Qc4 Qd7 19. O-O Kh8 20. Nb3 Ra8 21. e4 a4 22. Nc1 Rfb8 23. Rd1 Nd8 24. Ne2 a3 25. Rdb1 Ra4 26. Qb3 e5 27. d5 Ra5 28. Nc4 Rxc5 29. Nxa3 f5 30. f3 Qa7 31. Nc4 Ra5+ 0-1

[Event "Corr"]
[Site "?"]
[Date "2000.05.14"]
[Round "?"]
[White "Lukov Andrey"]
[Black "Nett Philipp"]
[Result "1/2-1/2"]
[WhiteElo "1200"]
[BlackElo "1088"]
[PlyCount "49"]
[EventDate "2000.??.??"]
[Source "www.chesslib.no"]
[SourceDate "2004.05.04"]

1. d4 d5 2. c4 dxc4 3. Nf3 b5 4. a4 c6 5. e3 Nf6 6. axb5 cxb5 7. b3 Be6 8. bxc4 Bxc4 9. Bxc4 bxc4 10. Qa4+ Nbd7 11. Ne5 g6 12. O-O Bg7 13. Ba3 Nd5 14. Nxc4 O-O 15. Rc1 N7b6 16. Qb3 Nxc4 17. Qxc4 Qd7 18. Nc3 Nxc3 19. Qxc3 Rfb8 20. h3 a5 21. Bc5 Rb5 22. Rab1 e6 23. Ba3 Rxb1 24. Rxb1 h6 25. f3 1/2-1/2

[Event "Corr"]
[Site "?"]
[Date "2001.10.01"]
[Round "?"]
[White "Hort Wolfgang"]
[Black "Bryant Barry"]
[Result "1-0"]
[WhiteElo "800"]
[BlackElo "1469"]
[PlyCount "61"]
[EventDate "2001.??.??"]
[Source "www.chesslib.no"]
[SourceDate "2004.05.04"]

1. d4 d5 2. c4 dxc4 3. Nf3 b5 4. a4 c6 5. e3 Nf6 6. axb5 cxb5 7. b3 Be6 8. Nbd2 Nc6 9. bxc4 bxc4 10. Bxc4 Bxc4 11. Nxc4 e6 12. Bd2 Rc8 13. Nce5 Qb6 14. Qa4 Nd5 15. Rc1 Nde7 16. d5 exd5 17. Nd4 a6 18. O-O g6 19. Nexc6 Nxc6 20. Nxc6 Qb5 21. Qd4 Rxc6 22. Rb1 f6 23. Rxb5 axb5 24. Ra1 Rd6 25. Bb4 Kf7 26. Ra7+ Ke6 27. Bxd6 Bxd6 28. e4 dxe4 29. Qxe4+ Be5 30. Ra6+ Kd7 31. Qc6+ 1-0

[Event "Corr"]
[Site "?"]
[Date "2003.02.18"]
[Round "?"]
[White "Van Gimst Herman"]
[Black "Hausgaard Olaf"]
[Result "0-1"]
[WhiteElo "1154"]
[BlackElo "1088"]
[PlyCount "66"]
[EventDate "2003.??.??"]
[Source "www.chesslib.no"]
[SourceDate "2004.05.04"]

1. d4 d5 2. c4 dxc4 3. Nf3 b5 4. e4 Nf6 5. Nc3 a6 6. Qc2 e6 7. Bg5 Be7 8. b3 b4 9. e5 Nd5 10. Bxe7 Nxe7 11. Ne4 cxb3 12. axb3 Nbc6 13. Qb2 Qd5 14. Nc5 O-O 15. Bxa6 Nf5 16. Bc4 Rxa1+ 17. Qxa1 Qd8 18. Nd3 Nfxd4 19. Nxd4 Nxd4 20. Nxb4 Qg5 21. Qxd4 Qxg2 22. Rf1 Qxh2 23. f4 Qg3+ 24. Kd2 Qh4 25. Qe4 g6 26. Kc3 Re8 27. Nc6 Bb7 28. Ne7+ Rxe7 29. Qxb7 Qg3+ 30. Kb2 Qe3 31. Qb8+ Kg7 32. Qb4 Rd7 33. Qc3 Rd2+ 0-1

[Event "Corr"]
[Site "?"]
[Date "2001.10.06"]
[Round "?"]
[White "Melo Olavo"]
[Black "Laliga Jose Olivier"]
[Result "0-1"]
[WhiteElo "1058"]
[BlackElo "1150"]
[PlyCount "46"]
[EventDate "2001.??.??"]
[Source "www.chesslib.no"]
[SourceDate "2004.05.04"]

1. d4 d5 2. c4 dxc4 3. Nf3 b5 4. a4 c6 5. e3 e6 6. b3 cxb3 7. Qxb3 b4 8. a5 c5 9. Bd2 Nf6 10. dxc5 Bxc5 11. Bxb4 Nbd7 12. Bxc5 Nxc5 13. Qb5+ Nfd7 14. Nbd2 Rb8 15. Qc4 O-O 16. Be2 Ba6 17. Qc2 Qf6 18. Nd4 e5 19. N4f3 e4 20. Nd4 Bxe2 21. Kxe2 Rfc8 22. Rhc1 Ne5 23. Nxe4 Qa6+ 0-1

[Event "Corr"]
[Site "?"]
[Date "2004.11.16"]
[Round "?"]
[White "DuNard Philip"]
[Black "Grillo Vince"]
[Result "0-1"]
[WhiteElo "1181"]
[BlackElo "1016"]
[PlyCount "62"]
[EventDate "2004.??.??"]
[Source "www.chesslib.no"]
[SourceDate "2004.05.04"]

1. d4 d5 2. c4 dxc4 3. Nf3 b5 4. Nc3 a6 5. a3 Nf6 6. e4 Bb7 7. Qc2 Nfd7 8. Be2 e6 9. O-O c5 10. Be3 cxd4 11. Nxd4 Bc5 12. Rfd1 O-O 13. Nxe6 fxe6 14. Bxc5 Rf7 15. Bg4 Qe8 16. Be3 Ne5 17. Bh5 g6 18. Be2 Nbd7 19. Bh6 Nc5 20. f3 Nc6 21. Bf1 e5 22. Be3 Nb3 23. Ra2 Qe6 24. Be2 a5 25. Nd5 a4 26. Rf1 Ncd4 27. Bxd4 Nxd4 28. Qd2 Bxd5 29. exd5 Qxd5 30. Rd1 Rd7 31. Qe3 Nxe2+ 0-1

[Event "Corr"]
[Site "?"]
[Date "1999.??.??"]
[Round "?"]
[White "Mitchell Jason D"]
[Black "Fantoni Franco"]
[Result "1-0"]
[WhiteElo "939"]
[BlackElo "1154"]
[PlyCount "53"]
[EventDate "1999.??.??"]
[Source "www.chesslib.no"]
[SourceDate "2004.05.04"]

1. d4 d5 2. c4 dxc4 3. Nf3 b5 4. a4 c6 5. e3 Qd6 6. axb5 cxb5 7. b3 a5 8. bxc4 b4 9. Bd3 e6 10. Nbd2 Nf6 11. e4 e5 12. c5 Qc7 13. Nxe5 Bxc5 14. Bb2 Bd6 15. Qa4+ Nfd7 16. Rc1 Qd8 17. Nc6 Qg5 18. e5 Be7 19. h4 Qg4 20. Nxe7 Kxe7 21. Be4 Ra7 22. d5 Kd8 23. Bd4 Ra8 24. d6 Ra6 25. Qb5 f6 26. Rxc8+ Kxc8 27. Qb7+ 1-0

[Event "Corr"]
[Site "?"]
[Date "2004.11.16"]
[Round "?"]
[White "Goins Jonathan"]
[Black "Grillo Vince"]
[Result "1-0"]
[WhiteElo "1002"]
[BlackElo "1033"]
[PlyCount "47"]
[EventDate "2004.??.??"]
[Source "www.chesslib.no"]
[SourceDate "2004.05.04"]

1. d4 d5 2. c4 dxc4 3. Nf3 b5 4. Bf4 e6 5. e3 Nf6 6. Nc3 a6 7. g3 Bb4 8. Bg2 Ne4 9. O-O Bxc3 10. Qc2 f5 11. bxc3 Ra7 12. a4 Bd7 13. a5 c5 14. Rfe1 Nc6 15. Ne5 Nxe5 16. Bxe5 Bc6 17. dxc5 Bd5 18. Qd1 O-O 19. f3 Nxc5 20. e4 Nb3 21. Bd4 Nxd4 22. Qxd4 Rd7 23. exd5 Rxd5 24. Qb6 1-0